| 000 | 00496nam a22001337a 4500 | ||
|---|---|---|---|
| 040 | _cNUST | ||
| 082 | _a220 PRO | ||
| 100 |
_aBilal Ahmed Ijaz Abdel Hameed Khalid Nawras Jehad _9100773 |
||
| 110 |
_cProject Supervisor: Asst Prof Saheeb Kiyani _9100774 |
||
| 245 | _aPR-SOF-2173-Design, Analysis and Fabrication of A Semi-Automated Medical Bed With Assisted Patient Care Transfer System | ||
| 260 |
_aISLAMABAD: _bNUST COLLEGE OF EME, _c2022. |
||
| 650 |
_aDE-MECH-40 _9100340 |
||
| 942 |
_2ddc _cPR |
||
| 999 |
_c591925 _d591925 |
||